000 00738nam a2200253 i 4500
001 C2-0028727
003 PPAK
005 20190630222017.0
008 970216s1984 my |||| ||||| | eng d
040 _aPPAK
_beng
_cPPAK
_erda
082 0 4 _a332.1109595
_223
090 0 0 _a332.1109595
_bBAN
_dR
110 2 _aBank Negara Malaysia
245 0 0 _aMoney and banking in Malaysia
250 _aSilver Anniversary Edition 1959-1984
264 1 _aKuala Lumpur :
_bBank Negara Malaysia ,
_c1984
300 _aix, 490 pages ;
_c24 cm
336 _2rdacontent
_atext
337 _2rdamedia
_aunmediated
338 _2rdacarrier
_avolume
650 1 0 _aBanks and banking, central
710 2 _aBank Negara Malaysia
_eorganizer
942 _ddc
_cB
999 _c5288
_d5288